| 000 | 00365nam a2200145Ia 4500 | ||
|---|---|---|---|
| 008 | 230917s9999||||xx |||||||||||||| ||und|| | ||
| 040 |
_e103684 _aMAIN |
||
| 041 | _aEnglish | ||
| 082 | _a301.04 D74S | ||
| 100 | _aDoshi, S L | ||
| 245 | 0 | _aSamajik vicharak: Marx, Weber, Durkheim | |
| 260 |
_aJaipur _bRawat Publications _c1997 |
||
| 300 | _a462 p. | ||
| 942 | _cBK | ||
| 999 |
_c116025 _d116025 |
||